000 00762nam a2200169 4500
001 122022
003 ES-MaACL
005 20230906191907.0
007 t|
008 070214s1947 sp r ||||1| lat d
245 0 0 _aPoema macarronicum in quo ingressus Excelentissimorum Señorum Almirantis Castillae, et Duquis Ossunae in civitatem Sevillam latinajis pintatur, simulque regociji, et festa illis ab eadem civitate facta macarronico stylo describuntur.
260 _aSevilla :
_bDiputación Provincial,
_c1947.
300 _a17 p. ;
_c22 cm.
500 _aCopia fiel del rarísimo impreso anónimo que se conserva en el Archivo Municipal de Sevilla.
710 1 _aSevilla (Provincia).
_bDiputación Provincial.
_96592
852 _aES-MaACL
_j1866-F-5
_bR.23829
999 _c122022
_d122022